• 首页
  • 本馆介绍
  • 公告通知
  • 最新文献
  • 馆藏检索
  • 电子资源
  • 读者导购
  • 参考咨询
  • 我的图书馆
  • 登录
  • 详细信息显示
  • 放入我的书架
  • 预约/预借图书
  • 作者相关作品
  • 分类相关作品
  • 丛书相关作品
  • 出版社相关作品

书目信息

  • 表格格式
  • 工作单格式
  • 卡片格式
题名:
高尔夫专业英语
    
 
作者: 戴菁 , 戴临中 编著
分册:  
出版信息: 长沙   国防科技大学出版社  2017.12
页数: 260页
开本: 24cm
丛书名: 高尔夫系列丛书
单 册:
中图分类: H31
科图分类:
主题词: 高尔夫球运动--英语 , 高尔夫球运动 , 英语
电子资源:
ISBN: 978-7-5673-0023-1
000 00967nam2 2200301 45
001 012001000672
005 20211020093755.87
010    @a978-7-5673-0023-1@dCNY35.00
100    @a20130208d2012 em y0chiy0110 ea
101 0  @achi@aeng
102    @aCN@b430000
105    @aa z 000yy
106    @ar
200 1  @a高尔夫专业英语@Agao er fu zhuan ye ying yu@f戴菁, 戴临中编著
205    @a2版
210    @a长沙@c国防科技大学出版社@d2017.12
215    @a260页@c图@d24cm
225 2  @a高尔夫系列丛书
330    @a本书参照国家英语四级标准,以高尔夫运动为主体,分为高尔夫基础、高尔夫球技、高尔夫竞赛、高尔夫管理和高尔夫建设等几方面,对高尔夫运动中常见的英语进行了介绍。
461  0 @12001 @a高尔夫系列丛书
606 0  @a高尔夫球运动@x英语
606 0  @a高尔夫球运动
606 0  @a英语
690    @aH31@v5
701  0 @a戴菁@Adai jing@4编著
701  0 @a戴临中@Adai lin zhong@4编著
801    @aCN@b江苏凤凰@c20211018
905    @b1340576-9@dH31@e1807=2@f4
    
    高尔夫专业英语/戴菁, 戴临中编著.-2版.-长沙:国防科技大学出版社,2017.12
    260页:图;24cm.-(高尔夫系列丛书)
    
    
    ISBN 978-7-5673-0023-1:CNY35.00
    本书参照国家英语四级标准,以高尔夫运动为主体,分为高尔夫基础、高尔夫球技、高尔夫竞赛、高尔夫管理和高尔夫建设等几方面,对高尔夫运动中常见的英语进行了介绍。
●
相关链接 在E读中查询图书 在五车中查询图书 在当当中查询图书 在豆瓣中查询图书


正题名:高尔夫专业英语     索取号:H31/1807=2         预约/预借

序号 登录号 条形码 馆藏地/架位号 状态 备注
1 1340576   213405769   第二样本阅览室/ [索取号:H31/1807=2] 在馆    
2 1340577   213405778   第四借阅区/ [索取号:H31/1807=2] 在馆    
3 1340578   213405787   第四借阅区/ [索取号:H31/1807=2] 在馆    
4 1340579   213405796   第四借阅区/ [索取号:H31/1807=2] 在馆    
唐山师范学院图书馆 欢迎您!
大连网信软件有限公司© 版权所有